[Event "Baltic Sea Cup"]
[Site "Ronne"]
[Date "2007.08.04"]
[Round "8.34"]
[White "Boje, Tobias Rosholm"]
[Black "Hafner, Christian"]
[Result "0-1"]
[WhiteElo "1931"]
[BlackElo "2159"]
[PlyCount "124"]
[EventDate "2007.??.??"]
[EventType "swiss"]
[EventRounds "9"]
[EventCountry "DEN"]
[SourceDate "2005.12.01"]
[WhiteTeam "Denmark"]
[BlackTeam "Denmark"]
[WhiteTeamCountry "DEN"]
[BlackTeamCountry "DEN"]

1. e4 c5 2. Nc3 Nc6 3. g3 g6 4. Bg2 Bg7 5. d3 d6 6. Be3 e6 7. Qd2 Nd4 8. Nd1 b6
9. c3 Nc6 10. Ne2 Ba6 11. f4 Nge7 12. O-O f5 13. exf5 exf5 14. d4 O-O 15. Re1
Rc8 16. Nf2 Rc7 17. Nh3 h6 18. Rad1 Qc8 19. d5 Nb8 20. Kh1 Nd7 21. Nhg1 Nf6 22.
b3 b5 23. Qc2 Qa8 24. c4 bxc4 25. bxc4 Rb8 26. Nc1 Rb4 27. Bf1 Ne4 28. Nb3 Nc3
29. Bd2 Rxc4 30. Bxc4 Bxc4 31. Bxc3 Bxd5+ 32. Nf3 Bxf3+ 33. Kg1 Bxd1 34. Rxd1
Qe4 35. Qxe4 fxe4 36. Bxg7 Kxg7 37. Rxd6 Nf5 38. Re6 c4 39. Nc1 Rd7 40. Ne2 Rd2
41. Rxe4 Rxa2 42. Nc3 Ra1+ 43. Kf2 Rc1 44. Rxc4 Kf6 45. g4 Ne7 46. Rc7 Ke6 47.
Ke3 Rxc3+ 48. Rxc3 Nd5+ 49. Kd4 Nxc3 50. Kxc3 Kd5 51. Kd3 a5 52. h4 a4 53. h5
gxh5 54. gxh5 a3 55. Kc3 Ke4 56. Kb3 Kxf4 57. Kxa3 Kg4 58. Kb3 Kxh5 59. Kc3 Kg4
60. Kd3 Kf3 61. Kd2 h5 62. Ke1 Kg2 0-1

[Event "Baltic Sea Cup"]
[Site "Ronne"]
[Date "2007.08.04"]
[Round "8.24"]
[White "Moller, Morten Kock"]
[Black "Coleman, Teddy"]
[Result "1/2-1/2"]
[WhiteElo "2178"]
[BlackElo "2239"]
[PlyCount "109"]
[EventDate "2007.??.??"]
[EventType "swiss"]
[EventRounds "9"]
[EventCountry "DEN"]
[SourceDate "2005.12.01"]
[WhiteTeam "Denmark"]
[BlackTeam "Denmark"]
[WhiteTeamCountry "DEN"]
[BlackTeamCountry "DEN"]

1. e4 c5 2. c3 Nf6 3. e5 Nd5 4. Nf3 e6 5. d4 Nc6 6. a3 d6 7. Bd3 Qc7 8. O-O Bd7
9. Re1 dxe5 10. dxe5 O-O-O 11. b4 f6 12. c4 Nb6 13. b5 Nxe5 14. Nxe5 fxe5 15.
Qe2 e4 16. Qxe4 Bd6 17. h3 Rdf8 18. Ra2 Rf7 19. a4 Kb8 20. Nc3 Rhf8 21. Be3 h6
22. a5 Nc8 23. Rb1 b6 24. Rba1 Qb7 25. axb6 axb6 26. Qg4 e5 27. Qg3 Bf5 28.
Bxf5 Rxf5 29. Ra8+ Qxa8 30. Rxa8+ Kxa8 31. Qxg7 h5 32. Qd7 Kb8 33. Ne4 Bc7 34.
Qe6 R5f7 35. Bh6 Re7 36. Qg6 Rd8 37. Qxh5 Rd4 38. Qe2 Nd6 39. Nxd6 Bxd6 40. Bf8
Re8 41. Bxd6+ Rxd6 42. Qh5 Re7 43. g4 e4 44. Qh8+ Kb7 45. g5 e3 46. fxe3 Rxe3
47. Qg7+ Kc8 48. Qf8+ Kd7 49. Qf5+ Ke7 50. Kf2 Ra3 51. Qe5+ Kd7 52. Qg7+ Ke8
53. Qe5+ Kd7 54. Qf5+ Ke8 55. Qe5+ 1/2-1/2

[Event "Baltic Sea Cup"]
[Site "Ronne"]
[Date "2007.08.05"]
[Round "9.1"]
[White "Rasmussen, Allan Stig"]
[Black "Malakhatko, Vadim"]
[Result "1-0"]
[WhiteElo "2450"]
[BlackElo "2596"]
[PlyCount "107"]
[EventDate "2007.??.??"]
[EventType "swiss"]
[EventRounds "9"]
[EventCountry "DEN"]
[SourceDate "2005.12.01"]
[WhiteTeam "Denmark"]
[BlackTeam "Denmark"]
[WhiteTeamCountry "DEN"]
[BlackTeamCountry "DEN"]

1. e4 e6 2. d4 d5 3. Nc3 Nf6 4. e5 Nfd7 5. f4 c5 6. Nf3 Nc6 7. Be3 a6 8. Qd2 b5
9. a3 Bb7 10. Ne2 Qc7 11. Ng3 O-O-O 12. c3 Na5 13. Qc2 cxd4 14. Bxd4 Nc6 15.
Qe2 f6 16. h4 Be7 17. Nh5 Rhg8 18. Qe3 h6 19. Be2 Rde8 20. O-O Kb8 21. Bd3 fxe5
22. fxe5 Nxd4 23. cxd4 g5 24. Bh7 Rh8 25. Ng7 Rc8 26. Nxe6 Qb6 27. Bf5 Rcg8 28.
Rac1 g4 29. Ne1 Bxh4 30. g3 Be7 31. Nd3 Nf8 32. Ndc5 Ka7 33. Nxf8 Bg5 34. Qd3
Rxf8 35. Nd7 Qd8 36. Nxf8 Rxf8 37. Rc2 h5 38. Kg2 Rh8 39. Rh1 h4 40. gxh4 Bxh4
41. Rcc1 Rf8 42. Rcf1 g3 43. Rf4 Bg5 44. Rg4 Rf7 45. Rh7 Rxh7 46. Bxh7 Qf8 47.
Qxg3 Bd8 48. Qf4 Qe7 49. Qh6 Qc7 50. Bd3 Qa5 51. Qc1 Be7 52. Rg7 Bf8 53. Rd7
Kb8 54. e6 1-0

[Event "Baltic Sea Cup"]
[Site "Ronne"]
[Date "2007.08.05"]
[Round "9.2"]
[White "Vera Gonzalez, Reynaldo"]
[Black "Kasparov, Sergey"]
[Result "1-0"]
[WhiteElo "2479"]
[BlackElo "2500"]
[PlyCount "80"]
[EventDate "2007.??.??"]
[EventType "swiss"]
[EventRounds "9"]
[EventCountry "DEN"]
[SourceDate "2005.12.01"]
[WhiteTeam "Denmark"]
[BlackTeam "Denmark"]
[WhiteTeamCountry "DEN"]
[BlackTeamCountry "DEN"]

1. Nf3 Nf6 2. c4 c5 3. Nc3 e6 4. g3 b6 5. Bg2 Bb7 6. O-O d6 7. d4 cxd4 8. Qxd4
Be7 9. Bg5 a6 10. Bxf6 Bxf6 11. Qf4 Be7 12. Rfd1 O-O 13. Ne4 Bxe4 14. Qxe4 Ra7
15. Nd4 Re8 16. a4 Rc7 17. b3 Bf6 18. Ra2 Rc5 19. Rad2 Qc7 20. Qb1 g6 21. e3
Be7 22. Rc2 Qc8 23. Qa2 Bf8 24. b4 Rc7 25. b5 a5 26. Nc6 Nd7 27. Rd4 Nc5 28.
Rcd2 f5 29. Qc2 Rf7 30. Qd1 Qc7 31. f4 Kh8 32. Qc2 Kg8 33. Rd1 Rg7 34. R4d2 g5
35. fxg5 Rxg5 36. e4 fxe4 37. Bxe4 Qg7 38. Rf1 h5 39. Kh1 Qh6 40. Rdf2 Bg7 {
Time} 1-0

[Event "Baltic Sea Cup"]
[Site "Ronne"]
[Date "2007.08.05"]
[Round "9.3"]
[White "Lund, Esben"]
[Black "Khenkin, Igor"]
[Result "0-1"]
[WhiteElo "2396"]
[BlackElo "2602"]
[PlyCount "126"]
[EventDate "2007.??.??"]
[EventType "swiss"]
[EventRounds "9"]
[EventCountry "DEN"]
[SourceDate "2005.12.01"]
[WhiteTeam "Denmark"]
[BlackTeam "Denmark"]
[WhiteTeamCountry "DEN"]
[BlackTeamCountry "DEN"]

1. d4 d5 2. c4 e6 3. Nc3 c6 4. e3 Nf6 5. Nf3 Nbd7 6. Bd3 dxc4 7. Bxc4 b5 8. Be2
Bb7 9. O-O a6 10. e4 c5 11. e5 Nd5 12. a4 b4 13. Ne4 Qc7 14. Re1 h6 15. Bf1 Be7
16. dxc5 Nxc5 17. Nxc5 Bxc5 18. Nd2 O-O 19. Ne4 Ba7 20. Qh5 Bd4 21. Nd6 f6 22.
Nxb7 Qxb7 23. Bxh6 fxe5 24. Be3 Bxb2 25. Rad1 Bc3 26. Bd3 Nf6 27. Qh3 Bxe1 28.
Rxe1 Qf7 29. Bc5 Rfc8 30. Rxe5 b3 31. Ba3 Rab8 32. Bb2 Rc2 33. Bxc2 bxc2 34.
Qc3 Qd7 35. Re1 Rc8 36. Qe5 Qd5 37. Qe2 Qc4 38. Bc1 Qxe2 39. Rxe2 Nd5 40. Kf1
Nb4 41. Ke1 Na2 42. Kd2 Rd8+ 43. Kxc2 Rc8+ 44. Kb2 Nxc1 45. Re3 e5 46. f3 Kf7
47. h4 Ke6 48. g4 Kd5 49. h5 Rc5 50. g5 Kd4 51. Re4+ Kd3 52. h6 gxh6 53. gxh6
Rc2+ 54. Kb1 Ne2 55. Re3+ Kxe3 56. Kxc2 Nf4 57. h7 Ng6 58. Kd1 Kxf3 59. Ke1 a5
60. Kf1 e4 61. Ke1 e3 62. Kf1 e2+ 63. Ke1 Nh8 0-1

[Event "Baltic Sea Cup"]
[Site "Ronne"]
[Date "2007.08.05"]
[Round "9.4"]
[White "Rozentalis, Eduardas"]
[Black "Kristiansen, Jens"]
[Result "1-0"]
[WhiteElo "2551"]
[BlackElo "2436"]
[PlyCount "85"]
[EventDate "2007.??.??"]
[EventType "swiss"]
[EventRounds "9"]
[EventCountry "DEN"]
[SourceDate "2005.12.01"]
[WhiteTeam "Denmark"]
[BlackTeam "Denmark"]
[WhiteTeamCountry "DEN"]
[BlackTeamCountry "DEN"]

1. e4 g6 2. d4 Bg7 3. Bc4 d6 4. h3 c5 5. Qf3 d5 6. Bxd5 e6 7. Bb3 cxd4 8. Ne2
Nc6 9. O-O Nf6 10. Rd1 Nd7 11. c3 dxc3 12. Nbxc3 O-O 13. Bf4 Nde5 14. Qe3 Qe7
15. Bh6 b6 16. Rac1 Ba6 17. Bxg7 Kxg7 18. f4 Nc4 19. Bxc4 Bxc4 20. Nd4 Rac8 21.
Nxc6 Rxc6 22. b3 Ba6 23. Qd4+ e5 24. fxe5 Qc5 25. Qxc5 Rxc5 26. Nd5 Rfc8 27.
Rxc5 Rxc5 28. Rd2 h5 29. Kf2 h4 30. Ke3 Rc1 31. Kf4 Kh6 32. Ne3 Bc8 33. Rc2 g5+
34. Kf3 Rxc2 35. Nxc2 Kg6 36. Ne3 f6 37. Nd5 g4+ 38. hxg4 Kg5 39. Nxf6 a5 40.
a3 Be6 41. b4 axb4 42. axb4 Bc8 43. g3 1-0

[Event "Baltic Sea Cup"]
[Site "Ronne"]
[Date "2007.08.05"]
[Round "9.5"]
[White "Hector, Jonny"]
[Black "Pilgaard, Kim"]
[Result "1-0"]
[WhiteElo "2550"]
[BlackElo "2448"]
[PlyCount "47"]
[EventDate "2007.??.??"]
[EventType "swiss"]
[EventRounds "9"]
[EventCountry "DEN"]
[SourceDate "2005.12.01"]
[WhiteTeam "Denmark"]
[BlackTeam "Denmark"]
[WhiteTeamCountry "DEN"]
[BlackTeamCountry "DEN"]

1. d4 Nf6 2. Nc3 d5 3. Bg5 Nbd7 4. Qd3 g6 5. f3 Bg7 6. e4 dxe4 7. fxe4 c5 8.
Nf3 cxd4 9. Qxd4 Qb6 10. Qxb6 Nxb6 11. a4 h6 12. Bb5+ Nbd7 13. Bxf6 Bxf6 14. e5
Bg7 15. Nd5 Rb8 16. e6 fxe6 17. Nc7+ Kf7 18. O-O Kg8 19. Rae1 Bxb2 20. Rxe6 Nf6
21. Rxe7 Rh7 22. Bc4+ Kh8 23. Nh4 Bf5 24. Rxf5 1-0

[Event "Baltic Sea Cup"]
[Site "Ronne"]
[Date "2007.08.05"]
[Round "9.6"]
[White "Bromann, Thorbjorn"]
[Black "Stripunsky, Alexander"]
[Result "1-0"]
[WhiteElo "2413"]
[BlackElo "2589"]
[PlyCount "124"]
[EventDate "2007.??.??"]
[EventType "swiss"]
[EventRounds "9"]
[EventCountry "DEN"]
[SourceDate "2005.12.01"]
[WhiteTeam "Denmark"]
[BlackTeam "Denmark"]
[WhiteTeamCountry "DEN"]
[BlackTeamCountry "DEN"]

1. d4 d5 2. Nc3 Bf5 3. f3 e6 4. e4 Bg6 5. Nge2 c6 6. Nf4 Be7 7. Be3 Nd7 8. Qd2
dxe4 9. fxe4 e5 10. Nxg6 hxg6 11. O-O-O Ngf6 12. Be2 Qa5 13. a3 Rd8 14. Kb1
exd4 15. Bxd4 Ne5 16. Qe3 Nfd7 17. Na2 Bc5 18. c3 Be7 19. Nc1 Qc7 20. Qg3 Bh4
21. Qh3 Ke7 22. Qe3 b6 23. Nd3 Nxd3 24. Qxd3 Bf6 25. Qa6 Be5 26. h3 c5 27. Be3
Nb8 28. Qa4 Rxd1+ 29. Rxd1 Rd8 30. Rxd8 Kxd8 31. Bc4 Ke7 32. Qb3 Kf8 33. Bd5
Bf4 34. Bf2 Nc6 35. Bxc6 Qxc6 36. Qd5 Qxd5 37. exd5 c4 38. Kc2 Ke7 39. b3 cxb3+
40. Kxb3 Kd6 41. c4 Kc7 42. a4 Bd2 43. Bg3+ Kc8 44. Bd6 g5 45. Bb4 Be3 46. a5
Kb7 47. Ka4 g6 48. Kb5 a6+ 49. Ka4 Kc7 50. axb6+ Kxb6 51. d6 f5 52. c5+ Kb7 53.
d7 Kc7 54. c6 Bb6 55. Be7 Kxc6 56. d8=Q Bxd8 57. Bxd8 Kb7 58. Ka5 Kc6 59. Ka4
Kb7 60. Ka5 f4 61. h4 g4 62. g3 f3 1-0

[Event "Baltic Sea Cup"]
[Site "Ronne"]
[Date "2007.08.05"]
[Round "9.7"]
[White "Hansen, Sune Berg"]
[Black "Matthiesen, Martin"]
[Result "1-0"]
[WhiteElo "2574"]
[BlackElo "2363"]
[PlyCount "57"]
[EventDate "2007.??.??"]
[EventType "swiss"]
[EventRounds "9"]
[EventCountry "DEN"]
[SourceDate "2005.12.01"]
[WhiteTeam "Denmark"]
[BlackTeam "Denmark"]
[WhiteTeamCountry "DEN"]
[BlackTeamCountry "DEN"]

1. e4 e5 2. Nf3 Nf6 3. Nxe5 d6 4. Nf3 Nxe4 5. d4 d5 6. Bd3 Nc6 7. O-O Be7 8.
Nc3 Nxc3 9. bxc3 O-O 10. h3 Re8 11. Re1 Bd6 12. Bg5 f6 13. Be3 Be6 14. Rb1 Rb8
15. Nh4 Bf7 16. Qg4 Bf8 17. Bf4 Rxe1+ 18. Rxe1 Ne7 19. Qg3 Rc8 20. Nf5 Ng6 21.
h4 Qd7 22. h5 Nxf4 23. Re7 Ne2+ 24. Rxe2 g6 25. hxg6 hxg6 26. Nh4 Bd6 27. f4 g5
28. Nf5 Bg6 29. Qg4 1-0

[Event "Baltic Sea Cup"]
[Site "Ronne"]
[Date "2007.08.05"]
[Round "9.8"]
[White "Hillarp Persson, Tiger"]
[Black "Zozulia, Anna"]
[Result "1-0"]
[WhiteElo "2568"]
[BlackElo "2332"]
[PlyCount "81"]
[EventDate "2007.??.??"]
[EventType "swiss"]
[EventRounds "9"]
[EventCountry "DEN"]
[SourceDate "2005.12.01"]
[WhiteTeam "Denmark"]
[BlackTeam "Denmark"]
[WhiteTeamCountry "DEN"]
[BlackTeamCountry "DEN"]

1. e4 c5 2. Nf3 Nc6 3. d4 cxd4 4. Nxd4 e5 5. Nb5 d6 6. N1c3 a6 7. Na3 b5 8. Nd5
Nf6 9. c4 b4 10. Nxf6+ Qxf6 11. Nc2 Qg6 12. Qd5 Bb7 13. Nxb4 Nd8 14. Qd1 Qxe4+
15. Be3 Be7 16. Nd5 Rc8 17. f3 Qg6 18. Qa4+ Nc6 19. Nxe7 Kxe7 20. Rd1 Rhd8 21.
Kf2 f5 22. Be2 Kf8 23. Rhe1 Ne7 24. Bb6 Bc6 25. Qa3 Rd7 26. Kg1 Rb8 27. Bf2 a5
28. Bf1 e4 29. f4 a4 30. Rd2 Qe6 31. Red1 d5 32. cxd5 Rxd5 33. Rxd5 Bxd5 34.
Bc5 Rb7 35. Qxa4 e3 36. Re1 Rxb2 37. Rxe3 Be4 38. Rb3 Rc2 39. Rb8+ Kf7 40. Qe8+
Kf6 41. Bd4+ 1-0

[Event "Baltic Sea Cup"]
[Site "Ronne"]
[Date "2007.08.05"]
[Round "9.9"]
[White "Jayaram, Ashwin"]
[Black "Glud, Jakob Vang"]
[Result "1/2-1/2"]
[WhiteElo "2399"]
[BlackElo "2435"]
[PlyCount "96"]
[EventDate "2007.??.??"]
[EventType "swiss"]
[EventRounds "9"]
[EventCountry "DEN"]
[SourceDate "2005.12.01"]
[WhiteTeam "Denmark"]
[BlackTeam "Denmark"]
[WhiteTeamCountry "DEN"]
[BlackTeamCountry "DEN"]

1. d4 Nf6 2. c4 e6 3. Nf3 d5 4. Nc3 Be7 5. Bg5 O-O 6. e3 Nbd7 7. Qc2 c6 8. a3
h6 9. h4 b6 10. O-O-O Bb7 11. Bd3 Rc8 12. Kb1 c5 13. cxd5 c4 14. Be4 Nxe4 15.
Qxe4 Nf6 16. Bxf6 Bxf6 17. Qf4 Bxd5 18. e4 Ba8 19. g4 Qc7 20. Qe3 Be7 21. g5 h5
22. g6 b5 23. gxf7+ Rxf7 24. Ne5 b4 25. axb4 Bxb4 26. Nxf7 Qxf7 27. f3 a5 28.
Rh2 a4 29. Nxa4 Qa7 30. Nc3 Bc6 31. Rg1 e5 32. Rhg2 Bf8 33. Qh6 Qf7 34. dxe5
Rc7 35. e6 Qxf3 36. Rg3 Bxe4+ 37. Kc1 Qf5 38. Nxe4 Qxe4 39. Re3 Qd4 40. Qg5 c3
41. Rxc3 Rxc3+ 42. bxc3 Qxc3+ 43. Kd1 Qb3+ 44. Ke2 Qxe6+ 45. Kf3 Qc6+ 46. Ke2
Qc2+ 47. Kf3 Qc3+ 48. Ke2 Qc4+ 1/2-1/2

[Event "Baltic Sea Cup"]
[Site "Ronne"]
[Date "2007.08.05"]
[Round "9.10"]
[White "Hoi, Carsten"]
[Black "Carstensen, Jacob"]
[Result "1-0"]
[WhiteElo "2422"]
[BlackElo "2304"]
[PlyCount "55"]
[EventDate "2007.??.??"]
[EventType "swiss"]
[EventRounds "9"]
[EventCountry "DEN"]
[SourceDate "2005.12.01"]
[WhiteTeam "Denmark"]
[BlackTeam "Denmark"]
[WhiteTeamCountry "DEN"]
[BlackTeamCountry "DEN"]

1. d4 d5 2. Nf3 Nf6 3. c4 dxc4 4. e3 e6 5. Bxc4 c5 6. O-O a6 7. Nc3 b5 8. Bb3
Bb7 9. Qe2 Nbd7 10. e4 cxd4 11. Nxd4 Nc5 12. Rd1 Nxb3 13. axb3 Nd7 14. Nf3 Qb6
15. Be3 Bc5 16. Rxd7 Kxd7 17. Ne5+ Ke8 18. Qh5 g6 19. Nxg6 fxg6 20. Qe5 Bxe3
21. Qxh8+ Kd7 22. Qxh7+ Kc6 23. fxe3 Qxe3+ 24. Kh1 b4 25. Na4 Rc8 26. Qe7 a5
27. Rd1 Qxb3 28. Qd7# 1-0

[Event "Baltic Sea Cup"]
[Site "Ronne"]
[Date "2007.08.05"]
[Round "9.11"]
[White "Ostergaard, Jens"]
[Black "Savchenko, Boris"]
[Result "0-1"]
[WhiteElo "2256"]
[BlackElo "2577"]
[PlyCount "108"]
[EventDate "2007.??.??"]
[EventType "swiss"]
[EventRounds "9"]
[EventCountry "DEN"]
[SourceDate "2005.12.01"]
[WhiteTeam "Denmark"]
[BlackTeam "Denmark"]
[WhiteTeamCountry "DEN"]
[BlackTeamCountry "DEN"]

1. d4 d6 2. Nf3 g6 3. c4 Nf6 4. Nc3 Bg7 5. e4 O-O 6. Be2 Na6 7. O-O c5 8. d5
Bg4 9. h3 Bxf3 10. Bxf3 Nc7 11. Bf4 Nd7 12. Qd2 Rb8 13. Be2 Bd4 14. a4 a6 15.
Rab1 e5 16. dxe6 fxe6 17. Bxd6 Ne5 18. Bxc7 Qxc7 19. Qg5 Kg7 20. Qh4 h6 21. Kh1
g5 22. Qg3 Rf4 23. Bg4 Rbf8 24. f3 Qf7 25. Ne2 Nxc4 26. Nxd4 cxd4 27. Rfd1 e5
28. b3 Ne3 29. Rdc1 h5 30. Bc8 Kh6 31. Rc5 Qe7 32. Rbc1 R8f7 33. Bxb7 h4 34.
Qe1 Qxb7 35. Qa5 Qxb3 36. Rc6+ R4f6 37. Qxe5 Kg6 38. R6c5 Kh7 39. Qxg5 Qe6 40.
Qxh4+ Rh6 41. Rh5 Qg6 42. Rxh6+ Qxh6 43. Qxh6+ Kxh6 44. Rc6+ Kg5 45. Rd6 Kf4
46. Kh2 Nc2 47. h4 Ke3 48. g4 d3 49. Rxd3+ Kxd3 50. Kg3 Nd4 51. g5 Rxf3+ 52.
Kg4 Kxe4 53. g6 Nf5 54. Kg5 Ke5 0-1

[Event "Baltic Sea Cup"]
[Site "Ronne"]
[Date "2007.08.05"]
[Round "9.12"]
[White "Brinck Claussen, Bjorn"]
[Black "Hartvig, Ove Weiss"]
[Result "1/2-1/2"]
[WhiteElo "2324"]
[BlackElo "2232"]
[PlyCount "39"]
[EventDate "2007.??.??"]
[EventType "swiss"]
[EventRounds "9"]
[EventCountry "DEN"]
[SourceDate "2005.12.01"]
[WhiteTeam "Denmark"]
[BlackTeam "Denmark"]
[WhiteTeamCountry "DEN"]
[BlackTeamCountry "DEN"]

1. e4 c5 2. Nf3 d6 3. d4 cxd4 4. Nxd4 Nf6 5. Nc3 g6 6. Be3 Bg7 7. f3 O-O 8. Qd2
Nc6 9. Bc4 Bd7 10. h4 h5 11. O-O-O Rc8 12. Bb3 Ne5 13. Bh6 Bxh6 14. Qxh6 Rxc3
15. bxc3 Qa5 16. Kb1 Rc8 17. g4 Nc4 18. Rd3 b5 19. gxh5 Qa3 20. Qc1 1/2-1/2

[Event "Baltic Sea Cup"]
[Site "Ronne"]
[Date "2007.08.05"]
[Round "9.13"]
[White "Aabling Thomsen, Jakob"]
[Black "Cabrera Trujillo, Jorge"]
[Result "0-1"]
[WhiteElo "2242"]
[BlackElo "2324"]
[PlyCount "84"]
[EventDate "2007.??.??"]
[EventType "swiss"]
[EventRounds "9"]
[EventCountry "DEN"]
[SourceDate "2005.12.01"]
[WhiteTeam "Denmark"]
[BlackTeam "Denmark"]
[WhiteTeamCountry "DEN"]
[BlackTeamCountry "DEN"]

1. e4 c5 2. Nf3 d6 3. Bb5+ Bd7 4. Bxd7+ Qxd7 5. O-O Nf6 6. Re1 Nc6 7. c3 e6 8.
d4 cxd4 9. cxd4 d5 10. Nc3 dxe4 11. Nxe4 Nxe4 12. Rxe4 Be7 13. Qd3 O-O-O 14.
Bf4 Bd6 15. Bd2 Bc7 16. Rc1 Kb8 17. Qa3 h6 18. b4 g5 19. b5 Ne7 20. Ree1 Nd5
21. Ba5 Bd6 22. Qb2 Rc8 23. Rb1 f6 24. Red1 g4 25. Ne1 h5 26. Nd3 h4 27. Nc5
Qh7 28. Na6+ Ka8 29. b6 h3 30. g3 Rc2 31. Qb5 Qe4 32. Qf1 Bxg3 33. Rd2 Bxf2+
34. Rxf2 Rxf2 35. Nc7+ Nxc7 36. Kxf2 Nd5 37. Bd2 Qxd4+ 38. Ke1 Qe4+ 39. Kf2 g3+
40. hxg3 h2 41. Rc1 h1=R 42. Qxh1 Rxh1 0-1

[Event "Baltic Sea Cup"]
[Site "Ronne"]
[Date "2007.08.05"]
[Round "9.14"]
[White "Kleiman, Jake"]
[Black "Christiansen, Jens Jorgen"]
[Result "1-0"]
[WhiteElo "2312"]
[BlackElo "2159"]
[PlyCount "83"]
[EventDate "2007.??.??"]
[EventType "swiss"]
[EventRounds "9"]
[EventCountry "DEN"]
[SourceDate "2005.12.01"]
[WhiteTeam "Denmark"]
[BlackTeam "Denmark"]
[WhiteTeamCountry "DEN"]
[BlackTeamCountry "DEN"]

1. e4 d5 2. exd5 Qxd5 3. Nc3 Qd6 4. d4 Nf6 5. Nf3 a6 6. g3 Bg4 7. Bg2 Nc6 8. h3
Bh5 9. O-O e6 10. Bf4 Qd8 11. g4 Bg6 12. Ne5 Nxe5 13. dxe5 Nd5 14. Nxd5 exd5
15. Bxd5 c6 16. Bb3 Bc5 17. Qxd8+ Rxd8 18. Rad1 O-O 19. Bg5 Rd4 20. c3 Re4 21.
Rfe1 Rxe1+ 22. Rxe1 h6 23. Bh4 Re8 24. Bg3 Rd8 25. Rd1 Rxd1+ 26. Bxd1 Kf8 27.
Kf1 Be4 28. Ke2 Ke7 29. Bb3 Bd5 30. Bxd5 cxd5 31. f4 f6 32. f5 fxe5 33. Bxe5
Kf7 34. Kf3 g6 35. Ke2 gxf5 36. gxf5 h5 37. Kf3 Be7 38. Kf4 Bh4 39. Bd4 Bf6 40.
Bxf6 Kxf6 41. h4 b6 42. b4 1-0

[Event "Baltic Sea Cup"]
[Site "Ronne"]
[Date "2007.08.05"]
[Round "9.15"]
[White "Zhao, Parker"]
[Black "Hirneise, Tobias"]
[Result "1/2-1/2"]
[WhiteElo "2180"]
[BlackElo "2293"]
[PlyCount "51"]
[EventDate "2007.??.??"]
[EventType "swiss"]
[EventRounds "9"]
[EventCountry "DEN"]
[SourceDate "2005.12.01"]
[WhiteTeam "Denmark"]
[BlackTeam "Denmark"]
[WhiteTeamCountry "DEN"]
[BlackTeamCountry "DEN"]

1. e4 c5 2. Nf3 Nc6 3. d3 g6 4. g3 Bg7 5. Bg2 d6 6. O-O e5 7. c3 Nge7 8. a3 O-O
9. b4 b6 10. b5 Na5 11. c4 h6 12. Bb2 Bg4 13. h3 Bd7 14. Nfd2 Qc8 15. Kh2 Nb7
16. Nc3 Nd8 17. f4 Rb8 18. Ra2 f5 19. exf5 gxf5 20. Nd5 Nxd5 21. Bxd5+ Be6 22.
Bxe6+ Nxe6 23. fxe5 dxe5 24. Qe2 Nd4 25. Bxd4 cxd4 26. Qf2 1/2-1/2

[Event "Baltic Sea Cup"]
[Site "Ronne"]
[Date "2007.08.05"]
[Round "9.16"]
[White "Hagen, Andreas Skytte"]
[Black "Carlstedt, Jonathan"]
[Result "1-0"]
[WhiteElo "2256"]
[BlackElo "2083"]
[PlyCount "161"]
[EventDate "2007.??.??"]
[EventType "swiss"]
[EventRounds "9"]
[EventCountry "DEN"]
[SourceDate "2005.12.01"]
[WhiteTeam "Denmark"]
[BlackTeam "Denmark"]
[WhiteTeamCountry "DEN"]
[BlackTeamCountry "DEN"]

1. Nf3 Nf6 2. c4 g6 3. Nc3 c5 4. e4 d6 5. d4 Bg7 6. Be2 cxd4 7. Nxd4 Nc6 8. Be3
O-O 9. O-O Nxd4 10. Bxd4 Bd7 11. Qd2 Bc6 12. f3 Nd7 13. Be3 a6 14. Rac1 Qb8 15.
b3 b5 16. Nd5 Bxd5 17. cxd5 Nc5 18. b4 Na4 19. Rc6 Rc8 20. Rfc1 Qb7 21. Bd1 Nb2
22. Bb3 Rxc6 23. dxc6 Qc7 24. Rc2 Rc8 25. Rxb2 Bxb2 26. Qxb2 Qxc6 27. Bh6 Qc3
28. Qxc3 Rxc3 29. Kf1 e6 30. Ke2 Rc6 31. Kd3 Rc8 32. Kd4 Rc6 33. Kd3 Rc8 34.
Ke2 Rc6 35. Kf2 Rc8 36. Kg3 Rc6 37. Kh4 Rc8 38. h3 Rc3 39. Kg3 Rc6 40. h4 Rc8
41. h5 Rc6 42. Bg5 Kf8 43. h6 Ke8 44. Bf6 Rc1 45. Kf2 Kd7 46. Bg5 Rc6 47. Ke2
Rc8 48. Kd3 Rc7 49. Bf4 Rc8 50. e5 dxe5 51. Bxe5 Rc1 52. g4 Rh1 53. Bg7 Kd6 54.
Ke3 Re1+ 55. Kf2 Rc1 56. f4 Rc8 57. f5 Rc1 58. fxe6 fxe6 59. Ke3 Ke7 60. Kf4
Rf1+ 61. Kg5 Kf7 62. Bd4 Rh1 63. Bc5 Rh2 64. a4 Rb2 65. axb5 axb5 66. Bd1 Rd2
67. Bf3 Rd8 68. Bc6 Rb8 69. Kf4 Kf6 70. g5+ Kf7 71. Ke5 Rd8 72. Bd6 Rc8 73. Bd7
Rc1 74. Bxe6+ Ke8 75. Bg8 Re1+ 76. Kf6 Rd1 77. Ke6 Rg1 78. Be5 Kf8 79. Bxh7
Rxg5 80. Bg7+ Ke8 81. Bg8 1-0

[Event "Baltic Sea Cup"]
[Site "Ronne"]
[Date "2007.08.05"]
[Round "9.17"]
[White "Jorgensen, Jorgen"]
[Black "Wiwe, Andreas"]
[Result "1/2-1/2"]
[WhiteElo "2250"]
[BlackElo "2187"]
[PlyCount "24"]
[EventDate "2007.??.??"]
[EventType "swiss"]
[EventRounds "9"]
[EventCountry "DEN"]
[SourceDate "2005.12.01"]
[WhiteTeam "Denmark"]
[BlackTeam "Denmark"]
[WhiteTeamCountry "DEN"]
[BlackTeamCountry "DEN"]

1. Nf3 d6 2. d4 f5 3. g3 g6 4. Bg2 Nf6 5. O-O Bg7 6. c4 O-O 7. Nc3 Qe8 8. d5 a5
9. Be3 Na6 10. Qd2 Bd7 11. Rad1 c5 12. Bh6 a4 1/2-1/2

[Event "Baltic Sea Cup"]
[Site "Ronne"]
[Date "2007.08.05"]
[Round "9.18"]
[White "Schmitz, Andreas Arnold"]
[Black "Lauridsen, Jesper Morch"]
[Result "1-0"]
[WhiteElo "2081"]
[BlackElo "2302"]
[PlyCount "83"]
[EventDate "2007.??.??"]
[EventType "swiss"]
[EventRounds "9"]
[EventCountry "DEN"]
[SourceDate "2005.12.01"]
[WhiteTeam "Denmark"]
[BlackTeam "Denmark"]
[WhiteTeamCountry "DEN"]
[BlackTeamCountry "DEN"]

1. e4 c5 2. c3 b6 3. d4 Bb7 4. Nd2 cxd4 5. cxd4 Nf6 6. Bd3 Nc6 7. Ne2 e5 8. d5
Nb4 9. Bb1 a5 10. O-O Bc5 11. Nb3 Bd6 12. a3 Na6 13. f4 Ng4 14. h3 a4 15. Nc3
h5 16. Nb5 Bf8 17. hxg4 hxg4 18. Qxg4 axb3 19. Be3 Qf6 20. Bd3 Nc5 21. Nc7+ Kd8
22. Nxa8 Nxd3 23. Nxb6 Nc5 24. Qg5 Nxe4 25. Qxe5 Qh4 26. Qxe4 Be7 27. Qf5 Qh2+
28. Kf2 Qh4+ 29. Kf3 Qh5+ 30. Qxh5 Rxh5 31. Rh1 Rxh1 32. Rxh1 Bf6 33. Kf2 Ba6
34. d6 g6 35. f5 Bxb2 36. Rb1 Bxa3 37. Rxb3 Bxd6 38. Bg5+ Ke8 39. Re3+ Kf8 40.
Nxd7+ Kg8 41. Nf6+ Kh8 42. Re8+ 1-0

[Event "Baltic Sea Cup"]
[Site "Ronne"]
[Date "2007.08.05"]
[Round "9.19"]
[White "Glibstrup, Michael"]
[Black "Bach, Matthias"]
[Result "1/2-1/2"]
[WhiteElo "1969"]
[BlackElo "2301"]
[PlyCount "119"]
[EventDate "2007.??.??"]
[EventType "swiss"]
[EventRounds "9"]
[EventCountry "DEN"]
[SourceDate "2005.12.01"]
[WhiteTeam "Denmark"]
[BlackTeam "Denmark"]
[WhiteTeamCountry "DEN"]
[BlackTeamCountry "DEN"]

1. Nf3 d5 2. d4 Nf6 3. Bf4 c5 4. e3 Nc6 5. c3 g6 6. Bd3 Bg7 7. Nbd2 Bf5 8. Qc2
cxd4 9. exd4 e6 10. h3 O-O 11. g4 Bxd3 12. Qxd3 Nd7 13. h4 e5 14. Nxe5 Bxe5 15.
dxe5 Ndxe5 16. Qg3 d4 17. Kf1 dxc3 18. bxc3 Qd3+ 19. Qxd3 Nxd3 20. Be3 f5 21.
g5 Rac8 22. h5 gxh5 23. Rxh5 Rfe8 24. Nc4 Rcd8 25. Rb1 b6 26. Rh4 Rd5 27. a4 f4
28. Bxf4 Nxf4 29. Rxf4 Rxg5 30. Nd6 Rf8 31. Rxf8+ Kxf8 32. Re1 Re5 33. Rxe5
Nxe5 34. f4 Nc6 35. Ke2 Ke7 36. Ne4 h6 37. Kd3 Ke6 38. Ng3 Ne7 39. Kc4 Nf5 40.
Nh5 Ne3+ 41. Kd4 Nf5+ 42. Kc4 Ne3+ 43. Kb5 Nd5 44. c4 Nc3+ 45. Kb4 Ne4 46. Kb5
Kf5 47. Ka6 Nc5+ 48. Kxa7 Nxa4 49. Ka6 Kg4 50. Nf6+ Kxf4 51. Nd5+ Ke5 52. Nxb6
Nc5+ 53. Kb5 Kd4 54. Nd5 Ne4 55. Ne7 h5 56. Nf5+ Ke5 57. Nh4 Kf4 58. c5 Kg4 59.
Ng6 Kg5 60. Ne5 1/2-1/2